| 000 | 00827nam a22002297a 4500 | ||
|---|---|---|---|
| 999 |
_c161194 _d161194 |
||
| 005 | 20190821144950.0 | ||
| 010 | _a1819CHEN B-720272-292 | ||
| 020 |
_a8188539597 _c595.00 |
||
| 035 | _aB-720272-292 | ||
| 035 | _aB-728637 | ||
| 037 |
_bAkshar Mala _adpl |
||
| 082 | _a608 | ||
| 100 | _aRadhika | ||
| 245 |
_aGreat inventions and discoveries / _cby Radhika |
||
| 260 |
_aNew Delhi _bAkshar Mala _c2018 |
||
| 270 |
_aA-47, Amar Colony, Lajpat Nagar _bNew Delhi _e110024 |
||
| 300 |
_a256p.: _bill. _c22cm(Hb) |
||
| 500 | _aAirport | ||
| 942 |
_2ddc _cCH _mRAD _h608 |
||